000 01330cam a2200337 a 4500
001 1407047
003 OSt
005 20211228094145.0
008 831021s1984 nyua b 001 0 eng
010 _a 83021904
020 _a0471867438
040 _aDLC
_cHU
_dDLC
041 1 _aengfre
050 0 0 _aQA278
_b.L4213 1984
082 0 0 _a519.5/35
_219
100 1 _aLebart, Ludovic.
_925625
240 1 0 _aTechniques de la description statistique.
_lEnglish
245 1 0 _aMultivariate descriptive statistical analysis :
_bcorrespondence analysis and related techniques for large matrices /
_cLudovic Lebart, Alain Morineau, Kenneth M. Warwick ; translated by Elisabeth Moraillon Berry.
260 _aNew York :
_bWiley,
_cc1984.
300 _axvi, 231 p. :
_bill. ;
_c24 cm.
440 0 _aWiley series in probability and mathematical statistics.
_pApplied probability and statistics
_911957
500 _aTranslation of: Techniques de la description statistique.
500 _aIncludes index.
504 _aBibliography: p. 223-228.
650 0 _aMultivariate analysis
_xData processing.
_925626
650 0 _aMatrices
_xData processing.
_96235
700 1 _aMorineau, Alain,
_d1940-
_925627
700 1 _aWarwick, Kenneth M.,
_d1936-
_925628
906 _a7
_bcbc
_corignew
_d1
_eocip
_f19
_gy-gencatlg
942 _2ddc
_cBOOKS
_n0
999 _c24520
_d24520